Computational methods in optimization : a unified approach /
"A unified presentation of algorithms for solving ... three optimization problems...: the nonlinear programming problem; the discrete optimal control problem; and the continuous optimal control problem."
Guardado en:
| Autor Principal: | |
|---|---|
| Formato: | Libro |
| Idioma: | English |
| Publicado: |
New York :
Academic Press,
1971.
|
| Series: | Mathematics in science and engineering ;
v. 77 |
| Etiquetas: |
Agregar Etiqueta
Sin Etiquetas, Sea el primero en etiquetar este registro!
|
| LEADER | 00919cam a22002295a 4500 | ||
|---|---|---|---|
| 001 | MAT.inmabb002456 | ||
| 008 | 710506s1971####nyu######b####001#0#eng## | ||
| 005 | 20160614122756.0 | ||
| 245 | 1 | 0 | |a Computational methods in optimization : |b a unified approach / |c E. Polak. |
| 260 | |a New York : |b Academic Press, |c 1971. | ||
| 300 | |a xvii, 329 p. ; |c 24 cm. | ||
| 440 | 0 | |a Mathematics in science and engineering ; |v v. 77 | |
| 520 | |a "A unified presentation of algorithms for solving ... three optimization problems...: the nonlinear programming problem; the discrete optimal control problem; and the continuous optimal control problem." | ||
| 504 | |a Bibliografía: p. 317-321. | ||
| 510 | 4 | |a MR, |c 43 #8222 | |
| 020 | |a 0125593503 | ||
| 100 | 1 | |a Polak, E. |q (Elijah), |d 1931- | |
| 084 | |a 90C30 |2 msc | ||
| 084 | |a 65.30 (90.00) |2 MR | ||
| 010 | |a 72134540 | ||
| 040 | |a DLC |c DLC |d ICU |d DLC | ||
| 859 | |h 90 |i P762 |p A-4151 |b BIB. MATEMATICA | ||
